000 00294nam a2200133Ia 4500
100 _aWyatt/Allen
942 _cBK
654 _aassembley language
245 _aUsing assembley language
260 _bMicrotech asian edition
_aDubai
_c1987
300 _a746
546 _aENGLISH
999 _c31513
_d31513